<?xml version="1.0" encoding="UTF-8"?>
<record
    xmlns:xsi="http://www.w3.org/2001/XMLSchema-instance"
    xsi:schemaLocation="http://www.loc.gov/MARC21/slim http://www.loc.gov/standards/marcxml/schema/MARC21slim.xsd"
    xmlns="http://www.loc.gov/MARC21/slim">

  <leader>02855nam a2200301 i 4500</leader>
  <controlfield tag="001">000045214</controlfield>
  <controlfield tag="003">DO-SdBNP</controlfield>
  <controlfield tag="005">20250530123702.0</controlfield>
  <controlfield tag="007">ta</controlfield>
  <controlfield tag="008">250317s2003    dr a          000 0 spa d</controlfield>
  <datafield tag="040" ind1=" " ind2=" ">
    <subfield code="a">DO-SdBNP</subfield>
    <subfield code="b">spa</subfield>
    <subfield code="c">BNPHU</subfield>
    <subfield code="e">rda</subfield>
  </datafield>
  <datafield tag="041" ind1=" " ind2=" ">
    <subfield code="h">spa</subfield>
  </datafield>
  <datafield tag="082" ind1=" " ind2=" ">
    <subfield code="a">346.7293048</subfield>
    <subfield code="b">R426c</subfield>
    <subfield code="2">22</subfield>
  </datafield>
  <datafield tag="110" ind1="1" ind2=" ">
    <subfield code="a">Rep&#xFA;blica Dominicana.</subfield>
    <subfield code="b">[Leyes, etc.]</subfield>
    <subfield code="9">11088</subfield>
  </datafield>
  <datafield tag="245" ind1=" " ind2=" ">
    <subfield code="a">Compendio de informaciones referentes a la propiedad industrial :</subfield>
    <subfield code="b">Ley 20-00 sobre la propiedad industrial </subfield>
  </datafield>
  <datafield tag="264" ind1=" " ind2=" ">
    <subfield code="a">Santo Domingo :</subfield>
    <subfield code="b">Pellerano y Herrera,</subfield>
    <subfield code="c">2003</subfield>
  </datafield>
  <datafield tag="300" ind1=" " ind2=" ">
    <subfield code="a">151 p&#xE1;ginas ;</subfield>
    <subfield code="c">21 cm.</subfield>
  </datafield>
  <datafield tag="336" ind1=" " ind2=" ">
    <subfield code="a">rdacontent</subfield>
    <subfield code="b">texto</subfield>
    <subfield code="2">txt</subfield>
  </datafield>
  <datafield tag="337" ind1=" " ind2=" ">
    <subfield code="a">rdamedia</subfield>
    <subfield code="b">sin mediaci&#xF3;n</subfield>
    <subfield code="2">n</subfield>
  </datafield>
  <datafield tag="338" ind1=" " ind2=" ">
    <subfield code="a">rdacarrier</subfield>
    <subfield code="b">volumen</subfield>
    <subfield code="2">nc</subfield>
  </datafield>
  <datafield tag="505" ind1=" " ind2=" ">
    <subfield code="a">De las invencciones, los modelos de utilidad y los dise&#xF1;os industriales|Invenciones|Protecci&#xF3;n de las invenciones y derecho de la patente de invenci&#xF3;n 16|Procedimiento de concesi&#xF3;n de la patente 20|Derechos, obligaciones y limitaciones relativos a la patente 28|Licencias obligatorias y otras medidas relativas a la explotaci&#xF3;n de las patentes 34|Modelos de utilidad 40|Dise&#xF1;os industriales|Protecci&#xF3;n de los dise&#xF1;os industriales 41|Procedimiento de registro 44|Normas relativas al dise&#xF1;o industrial registrado 45|De los signos distintivos|Definiciones|Marcas|Derecho sobre la marca 47|Procedimiento de registro de la marca 51|Duraci&#xF3;n y renovaci&#xF3;n del registro 54|Derechos, obligaciones y limitaciones|Relativos al registro 55|Transferencia y licencia de uso de la marca 57|Terminaci&#xF3;n del registro de la marca 59|Marcas colectivas 61|Marcas de certificaci&#xF3;n 64|Nombres comerciales, rotulos y emblemas|Nombres comerciales 65|Rotulos 67|Emblemas 67|Lemas comerciales|Indicaciones geogr&#xE1;ficas|Indicaciones geogr&#xE1;ficas en general 68|Denominaciones de origen 69|Normas comunes|Disposiciones generales 72|De la oficina nacional de la propiedad industrial|Composici&#xF3;n, atribuciones y requisitos de los funcionarios de la oficina nacional de la propiedad industrial|Oficina nacional de la propiedad industrial 75|Del directorio 76|Procedimientos 80|Registros y publicidad 83|Clasificaciones 84|De las violaciones de los derechos de propiedad industrial|De las infracciones, procedimiento, sanciones y predescripci&#xF3;n de los derechos de propiedad industrial 85|De la competencia desleal vinculada a la propiedad industrial|De los actos de competencia desleal 92|De las acciones por competencia desleal 94|Disposiciones transitorias y finales|Disposiciones transitorias 94|Disposiciones finales 96|Reglamento de las aplicaciones de la ley no. 20-00. sobre propiedad industrial 99</subfield>
  </datafield>
  <datafield tag="590" ind1=" " ind2=" ">
    <subfield code="a">Inventariado, 2025/DG</subfield>
  </datafield>
  <datafield tag="650" ind1=" " ind2="4">
    <subfield code="a">Propiedad industrial</subfield>
    <subfield code="x">Legislaci&#xF3;n</subfield>
    <subfield code="z">Rep&#xFA;blica Dominicana</subfield>
    <subfield code="9">8398</subfield>
  </datafield>
  <datafield tag="651" ind1=" " ind2="7">
    <subfield code="a">Rep&#xFA;blica Dominicana</subfield>
    <subfield code="x">Ley No. 20-00</subfield>
    <subfield code="9">87924</subfield>
  </datafield>
  <datafield tag="830" ind1=" " ind2=" ">
    <subfield code="n">4</subfield>
    <subfield code="9">73230</subfield>
  </datafield>
  <datafield tag="910" ind1=" " ind2=" ">
    <subfield code="a">DG</subfield>
  </datafield>
  <datafield tag="942" ind1=" " ind2=" ">
    <subfield code="2">ddc</subfield>
    <subfield code="c">LBS1</subfield>
  </datafield>
  <datafield tag="952" ind1=" " ind2=" ">
    <subfield code="0">0</subfield>
    <subfield code="1">0</subfield>
    <subfield code="2">ddc</subfield>
    <subfield code="5">1</subfield>
    <subfield code="7">0</subfield>
    <subfield code="8">PD</subfield>
    <subfield code="a">BNPHU</subfield>
    <subfield code="b">BNPHU</subfield>
    <subfield code="c">CT</subfield>
    <subfield code="d">2025-03-17</subfield>
    <subfield code="e">donaci&#xF3;n</subfield>
    <subfield code="l">0</subfield>
    <subfield code="o">BNPHU PD 346.048 R426c</subfield>
    <subfield code="p">2025-1922</subfield>
    <subfield code="r">2025-03-17</subfield>
    <subfield code="w">2025-03-17</subfield>
    <subfield code="y">LBS1</subfield>
    <subfield code="z">Consejo Nacional de Competitividad</subfield>
  </datafield>
  <datafield tag="999" ind1=" " ind2=" ">
    <subfield code="c">58442</subfield>
    <subfield code="d">58442</subfield>
  </datafield>
</record>
